Statistics for Top 20 Players ever to put on a Lakers jersey

Click here to take the quiz!

General Stats

  • This quiz has been taken 253 times
    (88 since last reset)
  • The average score is 13 of 20

Answer Stats

RankPlayer% Correct
4Kobe Bryant
99%
1LeBron James
99%
3Shaquille O'Neal
95%
2Kareem Abdul-Jabbar
92%
5Magic Johnson
92%
11Anthony Davis
83%
7Jerry West
82%
6Wilt Chamberlain
82%
17Pau Gasol
67%
19James Worthy
63%
15Elgin Baylor
62%
14Russell Westbrook
53%
9Karl Malone
50%
10Steve Nash
47%
13Dwight Howard
46%
8George Mikan
44%
18Carmelo Anthony
41%
12Gary Payton
36%
20Gail Goodrich
29%
16Bob McAdoo
17%

Score Distribution

Percentile by Number Answered

Percent of People with Each Score

Your Score History

You have not taken this quiz since the last reset